Slow Math - Powers of 2 - Statistics

General Stats
  • This quiz has been taken 13 times
  • The average score is 19 of 31
Answer Stats
Number Answer % Correct
2^0 1
100%
2^10 1024
100%
2^7 128
100%
2^4 16
100%
2^1 2
100%
2^11 2048
100%
2^8 256
100%
2^5 32
100%
2^2 4
100%
2^9 512
100%
2^6 64
100%
2^3 8
100%
2^12 4096
86%
2^13 8192
86%
2^14 16384
71%
2^15 32768
57%
2^16 65536
57%
2^20 1048576
29%
2^17 131072
29%
2^24 16777216
29%
2^21 2097152
29%
2^18 262144
29%
2^25 33554432
29%
2^22 4194304
29%
2^19 524288
29%
2^26 67108864
29%
2^23 8388608
29%
2^30 1073741824
14%
2^27 134217728
14%
2^28 268435456
14%
2^29 536870912
14%
No matching quizzes found
Score Distribution
Percent of People with Each Score
Percentile by Number Answered
Your Score History
You have not taken this quiz